000 01415nas1a22003611i 4500
001 RU\NLR\INFOCOMM7\1000076445
005 20260406184923.0
035 _a(NLR Aleph) 002320641
090 _a4385211
_c4385211
100 _a20041012a19939999|||y0rusy50 ca
101 0 _arus
102 _aRU
110 _aazu||||0|y0
200 1 _aРоссийский страховой бюллетень
210 _aМ.
_cЭкрос
_d1993 -
531 _aРСБ
712 0 2 _4570
_a"Экономическая газета", издательский дом
_cМосква
_3RU\NLR\AUTH\889950390
_9396564
801 1 _aRU
_bInfoComm
_c20041012
801 0 _aRU
_bNLR
_gPSBO
852 _aNLR
_jП22/6365
942 _cJOURNAL
980 _aRUSPER